[Event "Romanian Open 2019"]
[Site "Alba Iulia"]
[Date "2019.11.02"]
[Round "8.1"]
[White "Fedorov, Alexei"]
[Black "Istratescu, Andrei"]
[Result "1-0"]
[WhiteElo "2551"]
[BlackElo "2564"]
[Annotator "TA"]
[PlyCount "57"]
[EventDate "2019.10.28"]
[EventType "swiss"]
[EventCountry "ROU"]
[SourceTitle "playchess.com"]
[Source "ChessBase"]
[SourceQuality "1"]

{[%evp 11,57,8,29,20,26,8,12,12,20,17,56,58,56,65,98,45,54,0,54,15,16,6,85,94,162,59,76,83,187,142,154,145,393,391,855,797,1981,1922,1895,1812,29986,29987,29987,29988,29994,29995,29996,29997]} 1. e4 c5 2. Nf3 d6 3. d4 cxd4 4. Nxd4 Nf6 5. Nc3 a6 6. Bd3 g6 7. f3 {B90: Sicilian Najdorf: Unusual White 6th moves, 6 Be3 Ng4 and 6 Be3 e5} Nc6 8. Be3 Bg7 9. Qd2 {The position is equal.} O-O (9... Nxd4 10. Bxd4 Be6 11. g4 b5 12. h4 Qa5 13. a3 h6 14. O-O-O Rb8 15. g5 Nh5 16. Bxg7 Nxg7 17. gxh6 {½-½ (41) Anand,V (2779)-Navara,D (2739) Shamkir 2019}) 10. O-O-O Nxd4 11. Bxd4 Be6 12. Kb1 Re8 $146 ({Predecessor:} 12... b5 13. g4 Rb8 14. h4 b4 15. Ne2 Qa5 16. b3 {1-0 (29) Van Foreest,J (2598)-Kevlishvili,R (2451) Reykjavik 2019}) 13. g4 ({Better is} 13. h4 $1 $16) 13... Qa5 $14 14. h4 (14. Qe3 $14) 14... Rec8 (14... b5 $1 $11) 15. a3 (15. Qe3 {with more complications.} Rc6 16. a3 Rac8 17. Ne2 Bd7 18. h5) 15... b5 $1 16. h5 Rab8 (16... b4 $11 17. Na2 Bxa2+ 18. Kxa2 Rab8) 17. hxg6 $1 $16 fxg6 {[#]} (17... hxg6 $16 {was called for.} 18. Qg5 Rb7) 18. Bxf6 ({White should try} 18. Qg5 $1 $18) 18... exf6 19. Nd5 Qd8 (19... Qxd2 $16 20. Rxd2 Rb7) 20. Qh2 {aiming for Nf4.} h6 {[#]} 21. Qd2 $1 $36 {[%mdl 2048] White is in control.} a5 $2 (21... g5 $16 22. c3 a5) 22. Rxh6 $18 Bf7 $2 (22... Bxd5 23. exd5 Bxh6 24. Qxh6 Qf8) 23. Rdh1 b4 24. Rh7 {White threatens Rxg7+! and mate.} Bxd5 25. exd5 {Rxg7+! would kill now.} f5 {[#]} 26. Rxg7+ $1 {[%mdl 512] White mates.} Kxg7 27. Qh6+ Kf7 28. Qh7+ Kf6 29. f4 {Accuracy: White = 54%, Black = 32%.} 1-0

[Event "Romanian Open 2019"]
[Site "Alba Iulia"]
[Date "2019.11.02"]
[Round "8.2"]
[White "Harutjunyan, Gevorg"]
[Black "Manolache, Marius"]
[Result "1/2-1/2"]
[WhiteElo "2428"]
[BlackElo "2548"]
[Annotator "TA"]
[PlyCount "77"]
[EventDate "2019.10.28"]
[EventType "swiss"]
[EventCountry "ROU"]
[SourceTitle "playchess.com"]
[Source "ChessBase"]
[SourceQuality "1"]

{[%evp 19,77,60,60,44,93,35,94,85,115,103,130,108,114,116,106,122,113,119,122,125,116,80,83,79,71,41,40,42,40,20,31,32,40,31,25,21,29,22,20,22,20,21,61,37,85,70,79,61,85,57,56,58,85,79,85,62,85,65,67,56]} 1. e4 d6 2. d4 Nf6 3. Nc3 g6 4. f4 Bg7 5. Nf3 O-O 6. Bd3 Nc6 7. e5 dxe5 8. fxe5 Nd5 9. Nxd5 Qxd5 10. c3 Be6 11. O-O {B09: Pirc Defence: Austrian Attack} Rad8 {[%cal Rc6e5]} 12. Qe1 (12. Re1 $16) 12... Qd7 ({Black should try} 12... f6 $1 $14) 13. Bf4 $16 {White is better.} Bg4 {[#]} 14. Rd1 $146 ({Predecessor:} 14. Kh1 Bxf3 15. Rxf3 Nxd4 16. cxd4 Qxd4 17. Qe2 e6 18. Re1 Qa4 19. Bc4 Rd4 20. Bb3 Qa5 21. Ref1 Rd7 22. Qf2 Bxe5 23. Bxe6 Bd4 24. Be3 Bxe3 25. Qxe3 {1-0 (25) Szabo,G (2568)-Savicevic,V (2353) Valjevo 2010}) 14... e6 15. Qh4 Bxf3 16. Rxf3 {Hoping for g4.} Nxd4 17. cxd4 Qxd4+ 18. Qf2 Bxe5 19. Bxe5 Qxe5 20. Rf1 {[%cal Rf3f7]} (20. Qxa7 {seems wilder.} Qxb2 21. Rb1 Qd2 22. Bf1 Ra8 23. Qxb7 Qxa2 24. Rd1) 20... Qd4 21. Qxd4 Rxd4 22. Rc1 Rfd8 23. Bf1 c6 24. a3 Kg7 25. b4 a6 26. Rb3 e5 27. a4 R8d7 28. Ra1 e4 29. b5 axb5 30. axb5 cxb5 31. Rxb5 Re7 32. Rab1 Rdd7 33. Kf2 Rc7 34. Ke3 f5 35. Be2 Rf7 36. Rb6 Rc3+ 37. Kd2 Rcc7 38. R1b4 Kh6 39. Rc4 {Accuracy: White = 34%, Black = 45%.} 1/2-1/2

[Event "Romanian Open 2019"]
[Site "Alba Iulia"]
[Date "2019.11.02"]
[Round "8.3"]
[White "Shishkin, Vadim"]
[Black "Omelja, Artem"]
[Result "0-1"]
[WhiteElo "2428"]
[BlackElo "2424"]
[Annotator "TA"]
[PlyCount "82"]
[EventDate "2019.10.28"]
[EventType "swiss"]
[EventCountry "ROU"]
[SourceTitle "playchess.com"]
[Source "ChessBase"]
[SourceQuality "1"]

{[%evp 26,82,27,16,20,19,25,23,34,15,32,7,16,0,10,-25,-30,-50,-27,-43,-11,-16,-13,-20,-27,-33,-28,-45,-47,-57,-49,-83,-72,-118,-121,-109,-100,-156,-152,-151,-122,-146,-122,-114,-110,-202,-196,-210,-206,-467,-453,-418,-396,-29992,-29993,-29993,-29994,-29996,-29997]} 1. d4 Nf6 2. c4 g6 3. Nc3 Bg7 4. e4 d6 5. Be2 O-O 6. Nf3 e5 7. O-O exd4 8. Nxd4 Re8 9. f3 c6 10. Kh1 Nbd7 11. Bg5 Qb6 12. Nb3 a5 13. Qd2 a4 14. Be3 Qd8 {E94: King's Indian: Classical: 6 Be2 e5 7 0-0: Various Black 7th moves} 15. Nd4 Nc5 {[#]} 16. Rfe1 $146 ({Predecessor:} 16. Rab1 Nh5 17. g4 Nf6 18. Rg1 Qe7 19. Rg2 h5 20. Nf5 Bxf5 21. gxf5 Nfxe4 22. fxe4 Nxe4 {1-0 (53) Goganov,A (2571)-Mogranzini,R (2501) Antalya 2017}) 16... Nh5 {White has an edge.} 17. Bf1 Be5 18. g4 Ng7 19. Rad1 Nge6 20. Nxe6 Bxe6 21. Bd4 Qe7 22. Kg2 g5 23. Qf2 f6 24. Rd2 Nd7 {[%cal Bc5d7,Bd7f8,Bf8g6][%mdl 32]} 25. Red1 Nf8 26. b3 axb3 27. axb3 Ng6 28. Rb1 Ra3 29. Bxe5 dxe5 30. Kg1 Rd8 31. Nd1 (31. Rxd8+ $142 Qxd8 32. Na4) 31... Rxd2 $17 32. Qxd2 Qc5+ 33. Ne3 Nf4 34. Kh1 Kf7 35. Nf5 (35. Ng2 $17) 35... Bxf5 $1 $19 36. exf5 {[#]} Qd4 $1 $40 {[%cal Rd4d2][%mdl 128] Black goes for the king.} 37. Qb4 $2 (37. Qc2 {is a better defense.}) 37... Ra7 38. Qe1 {If only White now had time for Rd1....} Ra2 39. Qb4 $2 {[#]} (39. Rd1 $19 Qb2 40. Qg3) 39... Qf2 $1 {[%csl Ga2][%cal Rf2h2][%mdl 576] Double Attack. Black mates.} 40. Qxb7+ {[#]} Kg8 $1 {[%csl Ga2][%cal Rf2h2][%mdl 512]} 41. Qc8+ {[#]} Kg7 $1 {[%mdl 512] Accuracy: White = 26%, Black = 69%.} 0-1

[Event "Romanian Open 2019"]
[Site "Alba Iulia"]
[Date "2019.11.02"]
[Round "8.4"]
[White "Akash G"]
[Black "Gomes, Mary Ann"]
[Result "0-1"]
[WhiteElo "2449"]
[BlackElo "2268"]
[Annotator "TA"]
[PlyCount "72"]
[EventDate "2019.10.28"]
[EventType "swiss"]
[EventCountry "ROU"]
[SourceTitle "playchess.com"]
[Source "ChessBase"]
[SourceQuality "1"]

{[%evp 14,75,42,25,31,12,47,12,31,33,58,42,66,17,55,56,67,39,79,69,71,85,84,8,20,-41,-32,-77,-84,-94,-79,-73,-71,-81,-89,-143,-127,-116,-116,-280,-275,-250,-156,-160,-130,-104,-121,-437,-432,-464,-464,-753,-719,-29982,-29983,-29983,-29984,-29984,-2237,-2935,-2768,-29994,-29995,-29999]} 1. e4 c5 2. Nf3 e6 3. d4 cxd4 4. Nxd4 a6 5. Nc3 b5 6. Bd3 Qb6 7. Nf3 Qc7 8. O-O Bb7 {B43: Sicilian: Kan Variation: 5 Nc3} 9. e5 (9. Re1 Be7 10. Qd2 Nf6 11. Qg5 Kf8 12. Bf4 Qd8 13. e5 Nd5 14. Qg3 Nxf4 15. Qxf4 Bxf3 16. Qxf3 {½-½ (29) Grischuk,A (2772)-Khismatullin,D (2632) Riadh 2017}) 9... Nc6 10. Bf4 Nge7 {The position is equal.} 11. Bg3 b4 12. Na4 $146 ({Predecessor:} 12. Nb1 Ng6 13. Re1 Rd8 14. Qe2 Bc5 15. Nbd2 Nd4 16. Nxd4 Bxd4 {1-0 (45) Zelcic,R (2540)-Istratescu,A (2593) Istanbul 2003}) 12... Nd5 13. c4 Nb6 14. Nxb6 Qxb6 15. Ng5 Be7 16. Qh5 g6 17. Qh6 Bf8 18. Qh4 ({Better is} 18. Qh3 $16) 18... Be7 $1 $11 {Threatens to win with ...h6.} 19. Qf4 (19. Qg4 $11) 19... Nxe5 $1 $15 20. c5 Qxc5 $40 {[%mdl 128] Black goes for the king.} ({Not} 20... Qc6 $2 21. Be4 $18) 21. Qxe5 Qxe5 22. Bxe5 {Hoping for Nxe6.} f6 {[%mdl 64] [#] Double Attack} 23. Bd4 {Black must now prevent Ne4.} e5 24. Nxh7 (24. Bxe5 $142 fxe5 25. Rae1) 24... exd4 $17 25. Bxg6+ Kd8 {...Rg8 is the strong threat.} 26. f4 $2 (26. Bf5 $17) 26... Rg8 $19 27. f5 Be4 28. Rac1 Rc8 29. Rxc8+ Kxc8 30. Rf4 $2 {[%mdl 8192] [#]} (30. g4 $17) 30... d5 $1 31. h4 d3 32. Kf1 (32. Kf2 $142 Kd7 33. Ke1) 32... Kb8 33. g4 Rc8 34. g5 Rc1+ 35. Kf2 Bc5+ 36. Kg3 Rg1+ {Played: Bc5-d6} 0-1

[Event "Romanian Open 2019"]
[Site "Alba Iulia"]
[Date "2019.11.02"]
[Round "8.5"]
[White "Andreev, Eduard"]
[Black "Bhambure, Shantanu"]
[Result "1/2-1/2"]
[WhiteElo "2435"]
[BlackElo "2291"]
[Annotator "TA"]
[PlyCount "65"]
[EventDate "2019.10.28"]
[EventType "swiss"]
[EventCountry "ROU"]
[SourceTitle "playchess.com"]
[Source "ChessBase"]
[SourceQuality "1"]

{[%evp 19,65,10,15,25,28,15,20,8,8,15,14,14,28,16,12,30,25,0,31,0,34,0,46,45,72,60,61,59,66,70,62,38,29,39,102,45,88,84,321,328,330,204,343,316,260,23,20,24]} 1. e4 c5 2. Nf3 d6 3. d4 cxd4 4. Nxd4 Nf6 5. Nc3 a6 6. Be3 e5 7. Nb3 Be6 8. f3 Nbd7 9. Qd2 b5 10. g4 Nb6 11. g5 {B90: Sicilian Najdorf: Unusual White 6th moves, 6 Be3 Ng4 and 6 Be3 e5} Nh5 12. Na5 Qc7 13. O-O-O Be7 14. Nd5 Nxd5 15. exd5 Bd7 16. Kb1 O-O 17. Rg1 g6 {[#]} 18. h4 $146 ({Predecessor:} 18. c4 f6 19. Rc1 Bf5+ {0-1 (47) Dominguez Perez,L (2732)-Nepomniachtchi,I (2703) Sochi 2016}) 18... Rab8 19. Bg2 Rfd8 20. a3 Bf8 21. Bf1 Bg7 22. Bd3 Rf8 23. Be4 f5 24. gxf6 $1 Nxf6 25. Bg5 Nxe4 26. fxe4 Rbc8 {[#]} (26... Rf3 $14) 27. Rg3 ({White should play} 27. h5 $1 $16) 27... h5 28. Nc6 Bg4 $2 (28... Rce8 $16 {was necessary.}) 29. Ne7+ $18 {[%mdl 64] Double Attack} Kh7 {...Rce8 is the strong threat.} 30. Rc3 ({Weaker is} 30. Nxc8 Bxd1 31. Rc3 (31. Qxd1 Qxc8 32. Rc3 Qg4 $14) 31... Qb8 $16) 30... Qd7 (30... Qb8 {keeps fighting.}) 31. Nxc8 {[#] And now Nb6 would win.} Bxd1 32. Qxd1 $2 (32. Nxd6 $1 $18 Bxc2+ 33. Qxc2 Qxd6 34. Rc7) 32... Rxc8 $11 33. Rxc8 {Accuracy: White = 50%, Black = 40%.} 1/2-1/2

[Event "Romanian Open 2019"]
[Site "Alba Iulia"]
[Date "2019.11.02"]
[Round "8.6"]
[White "David, Alexandru-Vasile"]
[Black "Pap, Misa"]
[Result "1-0"]
[WhiteElo "2424"]
[BlackElo "2432"]
[Annotator "TA"]
[PlyCount "100"]
[EventDate "2019.10.28"]
[EventType "swiss"]
[EventCountry "ROU"]
[SourceTitle "playchess.com"]
[Source "ChessBase"]
[SourceQuality "1"]

{[%evp 9,100,26,43,22,41,52,44,5,44,25,18,0,0,-22,0,-48,-47,-50,-45,-60,-50,-72,-38,-42,-45,-64,-20,-22,6,0,1,0,0,0,0,0,6,6,4,-8,0,0,233,233,239,243,391,405,407,410,398,397,462,461,502,498,489,481,478,462,746,578,536,531,530,527,617,619,612,602,670,670,1021,551,539,537,529,506,479,454,454,342,341,334,334,322,29982,29983,29983,29984,29984,29984,29985]} 1. d4 f5 2. c4 Nf6 3. Nc3 d6 4. Bg5 Nbd7 5. Qc2 g6 6. h4 {A85: Dutch Defence: 2 c4 Nf6 3 Nc3} Bg7 7. O-O-O c6 8. e3 {White is slightly better.} Qa5 9. a3 $146 ({Predecessor:} 9. Be2 h6 10. Bxf6 Nxf6 11. h5 g5 12. Bd3 Bd7 {½-½ (12) Mkrtchian,L (2484)-Muzychuk,A (2535) Plovdiv 2010}) 9... h6 10. Bxf6 Nxf6 11. f3 Bd7 12. Kb1 O-O-O 13. Nge2 e5 14. Nc1 Kb8 15. Bd3 exd4 16. exd4 Qb6 17. N1e2 Rhg8 18. Nf4 g5 19. hxg5 hxg5 20. Nfe2 f4 21. Bf5 Qa6 22. Bxd7 Nxd7 23. Ne4 Nb6 24. Rc1 d5 25. Nc5 Qa5 $2 (25... Qxc4 $11 {and Black stays safe.} 26. Qd1 Qb5) 26. Qf5 $1 $18 {[%cal Rf5f7] And now Qf7 would win.} Rdf8 ({Not} 26... Nxc4 $2 27. Rxc4 $1 {[%mdl 512]} dxc4 28. Nd7+ Rxd7 29. Qxa5 $18) 27. Qe6 $40 {[%mdl 128] White has strong attack.} Nxc4 {[#]} (27... Ka8 $142) 28. Nd7+ $1 Ka8 29. Nxf8 Rxf8 {[#]} 30. Qe7 $1 {[%csl LRg5,LRg7]} Qb5 {[%csl Gc4][%cal Rb5b2]} 31. Rxc4 $1 dxc4 32. Qxg7 {[%cal Rg7f8]} Qf5+ 33. Ka1 {aiming for Rh8.} a6 34. Nc3 Ka7 (34... Re8 $142 35. Ne4 Qf8 36. Qxg5 Qg8 37. Qxf4 Qxg2) 35. Qe7 Rf7 36. Qc5+ Qxc5 37. dxc5 {[%mdl 4096] Endgame KRN-KR} g4 38. fxg4 Rg7 39. Rh4 Rg5 40. Na4 a5 41. Rh5 Rxg4 42. Nb6 {Rh8 would kill now.} a4 43. Rf5 Ka6 44. Nxa4 Rxg2 45. Rxf4 Kb5 46. Nb6 Kxc5 47. Nxc4 b5 $2 (47... Re2 $18 48. Na5 Kb6) 48. b4+ {White mates.} Kd5 49. Ne3+ {[%mdl 64] Double Attack} Ke5 50. Nxg2 Kd5 {Accuracy: White = 56%, Black = 52%.} 1-0

[Event "Romanian Open 2019"]
[Site "Alba Iulia"]
[Date "2019.11.02"]
[Round "8.7"]
[White "Filip, Lucian-Ioan"]
[Black "Stoleriu, George"]
[Result "1/2-1/2"]
[WhiteElo "2418"]
[BlackElo "2351"]
[Annotator "TA"]
[PlyCount "31"]
[EventDate "2019.10.28"]
[EventType "swiss"]
[EventCountry "ROU"]
[SourceTitle "playchess.com"]
[Source "ChessBase"]
[SourceQuality "1"]

{[%evp 25,31,44,58,46,73,39,54,38]} 1. Nf3 Nf6 2. c4 e6 3. g3 b6 4. Bg2 Bb7 5. O-O c5 6. Nc3 Be7 7. d4 cxd4 8. Qxd4 Nc6 9. Qf4 O-O 10. Rd1 Qb8 11. Qxb8 Raxb8 12. Bf4 Rbc8 13. b3 Rfd8 14. Nd4 {[#] A30: Symmetrical English: Double Fianchetto and Hedgehog} Na5 $146 ({Predecessor:} 14... a6 15. Rac1 b5 16. Nxc6 Bxc6 17. cxb5 axb5 18. Bxc6 dxc6 19. Rxd8+ Rxd8 20. a4 b4 21. Nd1 Ne4 {½-½ (33) Benzoni,A (2438)-Chripko,L (2605) ICCF email 2009}) 15. Ncb5 Bxg2 16. Kxg2 1/2-1/2

[Event "Romanian Open 2019"]
[Site "Alba Iulia"]
[Date "2019.11.02"]
[Round "8.8"]
[White "Banzea, Alexandru-Bogdan"]
[Black "Moksh Amit Doshi"]
[Result "1/2-1/2"]
[WhiteElo "2389"]
[BlackElo "2328"]
[Annotator "TA"]
[PlyCount "40"]
[EventDate "2019.10.28"]
[EventType "swiss"]
[EventCountry "ROU"]
[SourceTitle "playchess.com"]
[Source "ChessBase"]
[SourceQuality "1"]

{[%evp 16,40,9,9,0,0,19,0,0,0,-20,-33,-12,-22,-10,-14,0,-17,-2,-9,-8,-18,0,-77,-79,-89,-73]} 1. e4 e5 2. Nf3 Nc6 3. Bb5 Nf6 4. O-O Nxe4 5. d4 Nd6 6. dxe5 Nxb5 7. a4 Nbd4 8. Nxd4 Nxd4 9. Qxd4 d5 {C67: Ruy Lopez: Berlin Defence: 4 0-0 Nxe4} 10. Qd3 Be7 11. a5 $146 ({Predecessor:} 11. Rd1 c6 12. Nd2 O-O 13. Nb3 Bg4 14. f3 Bh5 15. Be3 Bg6 16. Qc3 Re8 17. a5 {½-½ (55) Sevian,S (2666)-Nihal,S (2598) chess.com INT 2019}) 11... O-O {The position is equal.} 12. Nc3 c6 13. Be3 Qc7 14. f4 f6 15. Bd4 Be6 16. exf6 Bxf6 17. Bxf6 Rxf6 18. Qd4 Raf8 {[%cal Rf6f4]} 19. g3 (19. Qxa7 $11 {keeps the balance.} Rxf4 20. Ne2 Rxf1+ 21. Rxf1 Rxf1+ 22. Kxf1) 19... Bh3 $17 20. Rfe1 Qf7 1/2-1/2

[Event "Romanian Open 2019"]
[Site "Alba Iulia"]
[Date "2019.11.02"]
[Round "8.9"]
[White "Ciorgovean, Iustin"]
[Black "Dixit, Nikhil"]
[Result "1-0"]
[WhiteElo "2331"]
[BlackElo "2358"]
[Annotator "TA"]
[PlyCount "81"]
[EventDate "2019.10.28"]
[EventType "swiss"]
[EventCountry "ROU"]
[SourceTitle "playchess.com"]
[Source "ChessBase"]
[SourceQuality "1"]

{[%evp 13,113,29,45,26,63,70,60,73,56,60,51,45,83,104,164,179,171,116,112,114,88,110,230,154,146,143,186,150,155,140,154,108,176,158,190,191,174,167,167,160,154,167,161,169,172,180,225,186,233,227,234,204,278,279,344,349,522,508,524,528,511,496,583,511,648,467,643,622,749,741,816,772,1417,1343,1843,1448,1186,1376,5047,4618,29962,29950,6029,3773,29976,29978,29986,29962,29984,29985,29989,29988,29988,29989,29995,29993,29993,29994,29994,29994,29995,29994]} 1. d4 Nf6 2. c4 g6 3. Nc3 Bg7 4. e4 d6 5. Nf3 O-O 6. h3 e5 7. d5 Nh5 8. g3 {E90: King's Indian: Classical: Early deviations and 6 h3} Qe8 9. Be2 f5 10. exf5 {White is slightly better.} gxf5 11. Nh4 Nf6 12. Qc2 e4 13. Be3 c6 $146 (13... Na6 $16 {is a better defense.}) ({Predecessor:} 13... Na6 14. O-O-O Nd7 15. Qd2 Qf7 {1-0 (36) Parligras,M (2650)-Can,E (2465) Porto Carras 2011}) 14. O-O-O $18 cxd5 15. Nxd5 (15. cxd5 $6 Na6 $14) (15. Kb1 $18) 15... Nxd5 $16 16. Rxd5 Nc6 {[#] Hoping for ...Nb4.} 17. Rxd6 Qe5 (17... Be6 $16 {was necessary.}) 18. Rhd1 f4 19. gxf4 Qe7 20. Ng2 Bxh3 21. Ne1 Kh8 22. Qd2 Qf7 (22... Rad8 $16 {was worth a try.}) 23. Qd5 Qe8 24. Nc2 Ne7 25. Qh5 ({Much less strong is} 25. Qxb7 $6 Rb8 $14) 25... Qxh5 26. Bxh5 Nf5 27. R6d2 Nxe3 28. fxe3 Be6 29. b3 a5 30. Nd4 Bg8 31. a4 Ra6 32. Rg2 Rh6 33. Rg5 Rd6 34. Rxa5 Bxd4 (34... Be6 {might work better.} 35. Nxe6 Rxe6) 35. Rxd4 $18 Rxd4 36. exd4 Rxf4 {[%mdl 4096] Endgame KRB-KRB} 37. Kd2 Rh4 38. Rb5 Rh3 39. Bg4 Rg3 40. Bf5 Rd3+ 41. Kc2 {Played: Kd2-e2} 1-0

[Event "Romanian Open 2019"]
[Site "Alba Iulia"]
[Date "2019.11.02"]
[Round "8.10"]
[White "Gheorghiu, Calin"]
[Black "Ashwath, R.."]
[Result "0-1"]
[WhiteElo "2315"]
[BlackElo "2340"]
[Annotator "TA"]
[PlyCount "122"]
[EventDate "2019.10.28"]
[EventType "swiss"]
[EventCountry "ROU"]
[SourceTitle "playchess.com"]
[Source "ChessBase"]
[SourceQuality "1"]

{[%evp 13,122,-15,0,-10,-36,-59,-58,-78,-59,-60,-64,-81,-85,-86,-81,-98,-81,-122,-138,-129,-96,-95,-91,-96,-103,-92,-99,-93,-88,-138,-143,-143,-148,-162,-157,-142,-146,-204,-226,-212,-219,-194,-221,-237,-230,-237,-220,-219,-188,-211,-205,-185,-169,-156,-8,-8,-12,-14,0,0,0,0,0,0,0,0,0,0,0,-29954,-12816,-29956,-29954,-29956,-29956,-29956,-29958,-29958,-29959,-29959,-29959,-29961,-29959,-29958,-29956,-5065,-1690,-29972,-29973,-29974,-29967,-29966,-29971,-29975,-29970,-29971,-29975,-29980,-29978,-29977,-29973,-29983,-29983,-29996,-29992,-29992,-29978,-29996,-29990,-29997,-29998]} 1. d4 Nf6 2. c4 e6 3. Nc3 Bb4 4. f3 Nc6 5. a3 Bxc3+ 6. bxc3 b6 7. e4 Ba6 8. Bd3 {E24: Nimzo-Indian: Sämisch: Unusual Black 5th moves and 5...c5 sidelines} (8. Bg5 Na5 9. Qa4 h6 10. Bh4 Qc8 11. Nh3 c5 12. d5 Qc7 13. Bg3 e5 14. Rd1 Nh5 15. Nf2 O-O-O 16. Ng4 {½-½ (51) Adhiban,B (2673)-Hossain,E (2491) Hamedan 2018}) 8... Na5 {[%cal Bc6a5,Ba5b3,Bb3c1][%mdl 32]} 9. Nh3 Bxc4 10. O-O $146 {Black is slightly better.} ({Predecessor:} 10. Bxc4 Nxc4 11. Qd3 d5 12. Bg5 h6 13. Bh4 {½-½ (43) Potula,K (1902)-Taborsky,R (2220) Washington DC 2015}) 10... Bxd3 11. Qxd3 Nb3 12. Ra2 Nxc1 13. Rxc1 d6 14. f4 d5 15. exd5 Qxd5 16. c4 Qe4 17. Qxe4 Nxe4 18. Re2 f5 19. Nf2 Nxf2 20. Kxf2 $17 {[%mdl 4096] Endgame KRR-KRR} O-O-O 21. Rd1 Rd6 22. Re5 Rhd8 23. Ke3 {[#]} c5 $1 {[%cal Rd6d4][%mdl 512]} 24. d5 (24. dxc5 Rxd1) 24... g6 25. a4 (25. h3 $17) 25... exd5 $19 26. cxd5 Kb7 27. h3 h5 28. g4 hxg4 29. hxg4 fxg4 30. Ke4 R8d7 31. Rd3 Ka6 32. Re6 Ka5 33. Ke5 Rxe6+ ({Black should try} 33... c4 $1 $17 {[%cal Rc4d3]} 34. Rd4 Rxe6+ 35. Kxe6 Rc7) 34. Kxe6 $17 {KR-KR} Rd8 {And now ...Kb4 would win.} 35. d6 $1 {Hoping for Ke7.} c4 36. Rg3 Kxa4 37. d7 b5 38. Rxg4 b4 39. f5 $1 {[%cal Rf5g6]} gxf5 40. Rxc4 a5 {[%cal Ba7a5,Ba5a4][%mdl 32] Threatens to win with ...Ka3.} 41. Rf4 $2 {[%mdl 8192]} ({Don't blunder} 41. Rc8 $2 Rxd7 $1 {[%mdl 512]} 42. Kxd7 b3 $19) (41. Ke7 $11 Rxd7+ 42. Kxd7) 41... Ka3 $1 42. Rxf5 {[#]} a4 $1 43. Ke7 {[#]} Rxd7+ $1 {[%mdl 512]} 44. Kxd7 {KR-KPP} b3 45. Kc6 b2 46. Rf1 Kb4 47. Rf4+ Kc3 48. Rf3+ Kd4 49. Rf4+ Ke5 (49... Kd3 $142 50. Rxa4 b1=Q) 50. Rxa4 b1=Q {KQ-KR. Black mates.} 51. Rc4 Qb8 52. Rc5+ Ke6 53. Rb5 Qc8+ 54. Kb6 Kd6 55. Ka7 Qc7+ 56. Ka6 Qc4 57. Kb6 Qa4 58. Ra5 Qd4+ 59. Kb5 Qc5+ 60. Ka6 Qc6+ 61. Ka7 Kc7 {Accuracy: White = 63%, Black = 81%.} 0-1